| 000 | 00466nam a22001697a 4500 | ||
|---|---|---|---|
| 005 | 20240514102727.0 | ||
| 008 | 240514b |||||||| |||| 00| 0 eng d | ||
| 020 | _a0-07-222946-2 | ||
| 082 |
_a005.43 _bSAH-A |
||
| 100 | _aSahlin; Doug | ||
| 245 |
_aAdobe Acrobat 6.0/ _cDoug Sahlin |
||
| 260 |
_aUSA; _bMcGraw Hill; _c2003 |
||
| 300 |
_axxi, 440 p.: _bill; _c23 cm. |
||
| 500 | _aInclude Appendix. | ||
| 650 | _aComputer Science/Crete PDFs, Save PDFs | ||
| 999 |
_c35768 _d35768 |
||